000 00322nam a2200121Ia 4500
008 220120s9999||||xx |||||||||||||| ||und||
082 _a621.381 DOE
100 _aDoebelin, Ernest O and Manik, Dhanesh N
245 0 _aMeasurement systems
260 _bBangalore
_c2006
300 _a953p.
_b225
650 _aNETWORK ANALYSIS
999 _c136224
_d136224